Office automation / (Record no. 37919)

MARC details
000 -LEADER
fixed length control field 00729nam a22002057a 4500
005 - DATE AND TIME OF LATEST TRANSACTION
control field 2010072708008.0
010 ## - LCCN (DPL NO)
LC control number ENG-97132
020 ## - INTERNATIONAL STANDARD BOOK NUMBER
International Standard Book Number 938006084x
Terms of availability 60.00
020 ## - INTERNATIONAL STANDARD BOOK NUMBER
International Standard Book Number 9789380060842
Terms of availability 60.00
035 ## - SYSTEM CONTROL NUMBER
System control number EN-80665
037 ## - SOURCE OF ACQUISITION
Source of stock number/acquisition DBAD/PUB
082 ## - DEWEY DECIMAL CLASSIFICATION NUMBER
Classification number 005.3
100 ## - MAIN ENTRY--PERSONAL NAME
Personal name Yazhini, J.
245 ## - TITLE STATEMENT
Title Office automation /
Statement of responsibility, etc by J. Yazhini
260 ## - PUBLICATION, DISTRIBUTION, ETC. (IMPRINT)
Place of publication, distribution, etc Salem
Name of publisher, distributor, etc MSK Publications
Date of publication, distribution, etc 2008
270 ## - ADDRESS
Address 2/101, Kuyavankadu, Masinayagan Patti-post Ayathiya pattinam
City Salem
Postal code 636103
300 ## - PHYSICAL DESCRIPTION
Extent 124p. :
Other physical details ill.
Dimensions 20cm (pbk)
942 ## - ADDED ENTRY ELEMENTS (KOHA)
Source of classification or shelving scheme Dewey Decimal Classification
Item type English Books
Classification part 005.3
Call number suffix YAZ
Holdings
Withdrawn status Lost status Not for loan Collection code Home library Current library Date acquired Source of acquisition Cost, normal purchase price Full call number Barcode Copy number Cost, replacement price Koha item type
    Not For Loan Non-fiction D.B.Act.Division D.B.Act.Division 27/07/2010 DBAD/PUB 60.00 005.3 YAZ EN-80665 1 60.00 English Books

© Delhi Public Library
Hit Counter
free hit counter